| 000 | 00436nam a22001337a 4500 | ||
|---|---|---|---|
| 003 | SGT | ||
| 082 |
_a617.643 _bA25Y |
||
| 100 | _aYadav, Renu | ||
| 245 |
_aAssessment of antimicrobial properties of clear aligners and essix retainers coated with Nitrogen doped Zinc oxide mutans and candida albicans _bAn In Vitro study |
||
| 260 |
_aGurugram, Haryana _bSGT University _c2025 |
||
| 300 | _a126 | ||
| 650 | _aOrthodontics | ||
| 942 |
_2ddc _cTH |
||
| 999 |
_c32113 _d32113 |
||